| 000 | 00741nam a2200253 i 4500 | ||
|---|---|---|---|
| 001 | 9966 | ||
| 003 | ES-MaACL | ||
| 005 | 20250825080509.0 | ||
| 007 | t| | ||
| 008 | 940602s1993 sp ||||1| spa d | ||
| 020 | _a84-604-7939-0 | ||
| 080 | _a070.41 | ||
| 080 | _a46.31 | ||
| 080 | _a46.01 | ||
| 245 | 0 | 0 |
_aLibro de estilo de Telemadrid / _cprólogo de José Antonio Moral Santín. |
| 260 |
_aMadrid : _bTelemadrid, _cD.L. 1993. |
||
| 300 |
_a473 p. ; _c23 cm. |
||
| 490 | 1 |
_aCiudad de la imagen ; _v1 |
|
| 504 | _aBibliografía: p. 469-473. | ||
| 650 | 1 | 4 |
_aPeriodismo- _vManuales de estilo _915951 |
| 830 | 0 |
_aCiudad de la imagen ; _v1 _9178616 |
|
| 852 |
_aES-MaACL _jL-17411 _bR.122590 |
||
| 999 |
_c9966 _d9966 |
||